Statistics for Football player chain

Click here to take the quiz!

General Stats

  • This quiz has been taken 24 times
  • The average score is 13 of 20

Answer Stats

HintAnswer% Correct
Hand of GodMaradona
100%
One from Brazil, one from PortugalRonaldo
91%
World record trasferNeymar
87%
Headbutted Marco MaterrazziZidane
87%
Swede who knows how good he isIbrahimovic
83%
Dutch legend of Ajax and BarcelonaCruyff
78%
FIFA XI goalkeeper 2013-2016Neuer
74%
Alexis or HugoSanchez
74%
Perhaps the only Gabonese footballer you knowAubameyang
65%
Columbian top goal scorer of all timeFalcao
65%
Mozambique born late Benfica strikerEusebio
61%
UCL 1995/1996 top goal scorer from FinlandLitmanen
61%
Former son-in-law of aboveAguero
57%
German midfielder, de facto name doesn't begin with OÖzil
57%
Former Arsenal record sign from ZenitArshavin
52%
Four letter Croatian, example Bayern MunchenOlic
48%
"Holy goalie" with most UCL appearancesCasillas
43%
Golden boot of Fifa world cup 1982Rossi
39%
Argentinas #10 at 1998 FIFA world cupOrtega
22%
His World cup final goal caused MaracanazoGhiggia
13%

Score Distribution

Percentile by Number Answered

Percent of People with Each Score

Your Score History

You have not taken this quiz